书目信息 |
| 题名: |
电子产品结构工艺
|
|
| 作者: | 张明 , 龙立钦 主编 | |
| 分册: | ||
| 出版信息: | 北京 电子工业出版社 2016.08 |
|
| 页数: | 10, 289页 | |
| 开本: | 26cm | |
| 丛书名: | ||
| 单 册: | ||
| 中图分类: | TN05 | |
| 科图分类: | ||
| 主题词: | 电子工业--dian zi gong ye--生产工艺 | |
| 电子资源: | ||
| ISBN: | 978-7-121-29702-1 | |
| 000 | 00863nam0 2200253 450 | |
| 001 | 2031076774 | |
| 005 | 20201120090816.28 | |
| 010 | @a978-7-121-29702-1@dCNY35.00 | |
| 100 | @a20181129e20192016em y0chiy50 ea | |
| 101 | 0 | @achi |
| 102 | @aCN@b110000 | |
| 105 | @aa z 000yy | |
| 106 | @ar | |
| 200 | 1 | @a电子产品结构工艺@9dian zi chan pin jie gou gong yi@f张明, 龙立钦主编 |
| 205 | @a4版 | |
| 210 | @a北京@c电子工业出版社@d2016.08@h2019.12 | |
| 215 | @a10, 289页@c图@d26cm | |
| 330 | @a本书内容包括电子产品结构工艺基础、常用材料、常用电子元器件、印制电路板设计与制造、电子产品装连技术、焊接技术、电子产品装配工艺、表面组装技术等。 | |
| 606 | 0 | @a电子工业@9dian zi gong ye@x生产工艺 |
| 690 | @aTN05@v5 | |
| 701 | 0 | @a张明@9zhang ming@4主编 |
| 701 | 0 | @a龙立钦@9long li qin@4主编 |
| 801 | 0 | @aCN@bBJSZM@c20201119 |
| 905 | @b1214185-8@dTN05@e164=4@f4 | |
| 电子产品结构工艺/张明, 龙立钦主编.-4版.-北京:电子工业出版社,2016.08(2019.12) |
| 10, 289页:图;26cm |
| ISBN 978-7-121-29702-1:CNY35.00 |
| 本书内容包括电子产品结构工艺基础、常用材料、常用电子元器件、印制电路板设计与制造、电子产品装连技术、焊接技术、电子产品装配工艺、表面组装技术等。 |
| ● |
| 相关链接 |
|
|
|
|
正题名:电子产品结构工艺
索取号:TN05/164=4
 
预约/预借
| 序号 | 登录号 | 条形码 | 馆藏地/架位号 | 状态 | 备注 |
| 1 | 1214185 | 212141859 | 第二样本阅览室/ [索取号:TN05/164=4] | 在馆 | |
| 2 | 1214186 | 212141868 | 第三借阅区/ [索取号:TN05/164=4] | 在馆 | |
| 3 | 1214187 | 212141877 | 第三借阅区/ [索取号:TN05/164=4] | 在馆 | |
| 4 | 1214188 | 212141886 | 第三借阅区/ [索取号:TN05/164=4] | 在馆 |